Las calculadoras en el aula
Gespeichert in:
| Hauptverfasser: | , , |
|---|---|
| Format: | Buch |
| Sprache: | Spanisch |
| Veröffentlicht: |
Madrid
Anaya 2
1982
|
| Schriftenreihe: | Técnicas didácticas
|
| Schlagworte: | |
| Tags: |
Tag hinzufügen
Keine Tags, Fügen Sie den ersten Tag hinzu!
|
MARC
| LEADER | 00000nam a2200000 a 4500 | ||
|---|---|---|---|
| 001 | UCZ8087 | ||
| 003 | CL-VaPUC | ||
| 008 | 960112e19820000SP |||||||||||||||||spa|d | ||
| 082 | 0 | 4 | |a 510.28 |b AGU |2 21 |
| 100 | 0 | |a Aguada-Muñoz Prada, Ricardo |e author |9 353221 | |
| 700 | 0 | |a Blanco Ruiz, Agustín |e author |9 353222 | |
| 700 | 0 | |a Zamarreño Fernández, Ricardo |e author |9 353223 | |
| 245 | 1 | 4 | |a Las calculadoras en el aula |
| 300 | |a 112 p | ||
| 942 | |c BK | ||
| 945 | |d 19960112 00:00:00 |a cmena | ||
| 260 | |a Madrid |b Anaya 2 |c 1982 | ||
| 650 | 0 | |a Matemática |9 260235 | |
| 650 | 0 | |a Métodos de enseñanza |9 270413 | |
| 650 | 7 | |a AYUDAS PARA LA ENSEÑANZA |2 CL-VaPUC |9 339750 | |
| 650 | 0 | |a Calculadoras |9 353224 | |
| 583 | |a last modification |c 19960112 00:00:00 |k Rodrigo Vera | ||
| 490 | 0 | |a Técnicas didácticas | |
| 999 | |c 244047 |d 244045 | ||
| 952 | |0 0 |1 0 |4 0 |6 510_280000000000000_AGU_1982 |7 0 |8 P |9 257966 |a BIBEDU |b BIBEDU |c BIBEDU_PB |d 2019-11-19 |i 1616870 |o 510.28 AGU 1982 |p 1616870 |r 2024-01-25 |w 2019-11-19 |y BK |k EDU | ||